KPOP GROUPS BY COMPANY - Statistics

General Stats
  • This quiz has been taken 172 times
  • The average score is 36 of 73
Answer Stats
Hint Answer % Correct
HYBE: BTS
98%
YG: BLACKPINK
90%
LESSERAFIM
90%
STRAYKIDS
90%
JYP: TWICE
90%
ENHYPEN
88%
NEW JEANS
85%
TXT
85%
AESPA
82%
ILLIT
80%
IVE
80%
SEVENTEEN
80%
(G)I-DLE
79%
ITZY
77%
BIGBANG
74%
BABYMONSTER
73%
NMIXX
72%
NCT 127
70%
NCT DREAM
70%
FORMER YG: 2NE1
67%
KQ: ATEEZ
67%
TREASURE
66%
EXO
65%
RED VELVET
65%
GIRLS GENERATION
64%
FROMIS 9
62%
GOT7
62%
FORMER HYBE: GFRIEND
59%
KATSEYE
59%
NCT WISH
59%
SHINEE
59%
NCT U
55%
RIIZE
54%
BOYNEXTDOOR
53%
RBW: MAMAMOO
52%
WAYV
52%
2PM
51%
FORMER JYP: WONDER GIRLS
51%
STARSHIP: MONSTA X
50%
SUPER JUNIOR
48%
IKON
46%
PENTAGON
43%
HEARTS2HEARTS
40%
&TEAM
40%
XIKERS
40%
WINNER
39%
FANTAGIO: ASTRO
38%
MISS A
36%
SM: TVXQ
36%
FNC: P1HARMONY
33%
CUBE: BTOB
30%
F(X)
30%
CLC
29%
CRAVITY
29%
NIZIU
29%
SUPER M
28%
PURPLEKISS
25%
4MINUTE
24%
ONEUS
24%
SF9
24%
VCHA
24%
WJSN
24%
AKMU
23%
LIGHTSUM
22%
SISTAR
20%
BOYSTORY
12%
CHERRY BULLET
12%
CNBLUE
11%
XDINARY HEROS
11%
BEAST
8%
WEKI MEKI
7%
ZICO
5%
HELLO VENUS
1%
No matching quizzes found
Score Distribution
Percent of People with Each Score
Percentile by Number Answered
Your Score History
You have not taken this quiz